Capital cities beginning with L - Statistics

General Stats
  • This quiz has been taken 148 times
    141 since last reset
  • The average score is 9 of 12
Answer Stats
Answer % Correct
London
89%
Lisbon
84%
Lima
83%
Luanda
83%
Lusaka
83%
Luxembourg
83%
Lilongwe
80%
Lome
79%
Lome
79%
Ljubljana
67%
Lapaz
65%
Libreville
62%
No matching quizzes found
Score Distribution
Percent of People with Each Score
Percentile by Number Answered
Your Score History
You have not taken this quiz since the last reset